| 000 | 01694nam0a2200361 4500 | ||
|---|---|---|---|
| 001 | RU\NLR\bibl\1879973 | ||
| 005 | 20250616193543.0 | ||
| 010 |
_a978-5-9221-1359-5 _9300 |
||
| 021 |
_aRU _b2012-12066 _9914 |
||
| 035 | _a(NLR Aleph) 001869748 | ||
| 090 |
_a2644762 _c2644762 |
||
| 100 | _a20120315d2011 |||y0rusy50 ca | ||
| 101 | 1 |
_arus _ceng |
|
| 102 | _aRU | ||
| 105 | _aa ||||||||| | ||
| 200 | 1 |
_aСвистовые и альфвеновские циклотронные мазеры в космосе _fВ.Ю. Трахтенгерц, М. Дж. Райкрофт _gпер. с англ. под ред. д.ф.-м.н. А.Г. Демехова |
|
| 210 |
_aМосква _cФизматлит _d2011 |
||
| 215 |
_a344 с. _cил. _d22 |
||
| 300 | _aЗагл. и авт. ориг.: Whistler and alfven mode cyclotron masers in space / V.Y. Trakhtengerts, M.J. Rycroft | ||
| 320 | _aБиблиогр.: с. 321-339 | ||
| 320 | _aПредм. указ.: с. 343-344 | ||
| 454 | 0 |
_12001#$aWhistler and alfven mode cyclotron masers in space _1700#1$aTrakhtengerts$bV. Y.$4070 _1701#1$aRycroft$bM. J.$4070 _tWhistler and alfven mode cyclotron masers in space _aTrakhtengerts, V. Y. |
|
| 606 | 1 |
_aКосмическая плазма _xЦиклотронный резонанс _92096947 _3RU\NLR\auth\661572171 |
|
| 606 | 1 |
_aКосмические мазеры _92261857 _3RU\NLR\auth\661356129 |
|
| 686 | _aВ642.2 | ||
| 686 | _aВ632.5 | ||
| 700 | 1 |
_aТрахтенгерц _bВ. Ю. _gВиктор Юрьевич _4070 |
|
| 701 | 1 |
_aРайкрофт _bМ. Дж. _gМайкл Джон _4070 |
|
| 801 | 0 |
_aRU _bNLR _c20120315 _gRCR |
|
| 801 | 1 |
_aRU _bNLR _c20120315 |
|
| 942 | _cBOOK | ||
| 980 | _aNB | ||
| 980 | _aNBR | ||